000
00338nam a22001457a 4500
008
221011b ||||| |||| 00| 0 eng d
020
_a
9780534557003
041
_a
eng
080
_a
610.73
082
_a
610.73
100
_a
9
101
_a
INF
245
_a
CODES OF ETHICS FOR THE HELPING PROFESSIONS
_c
MARTINEZ J
942
_2
udc
_c
BK
999
_c
58499
_d
58499